000 00532nam a22001937a 4500
003 OSt
008 260221b2025 |||||||| |||| 00| 0 eng d
020 _a9789355329684
082 _a658.4063
_bMAG-D
100 _aMagoo, Sanjay Kumar
245 _aDesign thinking /
_cSanjay kumar magoo and Rakesh Gupta
260 _aChennai :
_bMcGraw Hill Education,
_c2025.
300 _axxii, I-5 p. ;
650 _aCreative thinking
650 _a Industrial management
650 _aDesign
700 _aGupta, Rakesh
942 _2ddc
_cBK
999 _c21371
_d21371